LEADER 02469nam 2200709 a 450 001 9910461714703321 005 20200520144314.0 010 $a1-280-49059-4 010 $a9786613585820 010 $a0-8139-3202-5 035 $a(CKB)2670000000176403 035 $a(OCoLC)785928177 035 $a(CaPaEBR)ebrary10554874 035 $a(SSID)ssj0000606244 035 $a(PQKBManifestationID)11372076 035 $a(PQKBTitleCode)TC0000606244 035 $a(PQKBWorkID)10581494 035 $a(PQKB)11048793 035 $a(PQKBManifestationID)16121023 035 $a(PQKB)22013656 035 $a(MiAaPQ)EBC3444009 035 $a(MdBmJHUP)muse4037 035 $a(PPN)185126154 035 $a(Au-PeEL)EBL3444009 035 $a(CaPaEBR)ebr10554874 035 $a(CaONFJC)MIL358582 035 $a(EXLCZ)992670000000176403 100 $a20110608d2011 uy 0 101 0 $aeng 135 $aurcn||||||||| 181 $ctxt 182 $cc 183 $acz 200 10$aCaribbean literature and the public sphere$b[electronic resource] $efrom the plantation to the postcolonial /$fRaphael Dalleo 210 $aCharlottesville $cUniversity of Virginia Press$dc2011 215 $a1 online resource (315 p.) 225 1 $aNew World studies 300 $aBibliographic Level Mode of Issuance: Monograph 311 $a0-8139-3199-1 311 $a0-8139-3198-3 320 $aIncludes bibliographical references and index. 327 $apt. 1. The rise of the Caribbean literary public sphere, 1804 to 1886 -- pt. 2. Modern colonialism and the anticolonial public sphere, 1886 to 1959 -- pt. 3. Postcoloniality and the crisis of the literary public sphere, 1959 to 1983. 410 0$aNew World studies. 606 $aCaribbean literature$xHistory and criticism 606 $aPostcolonialism$zCaribbean Area 606 $aPolitics and literature$zCaribbean Area 606 $aPublic opinion$zCaribbean Area 607 $aCaribbean Area$xIntellectual life 608 $aElectronic books. 615 0$aCaribbean literature$xHistory and criticism. 615 0$aPostcolonialism 615 0$aPolitics and literature 615 0$aPublic opinion 676 $a809/.89729 700 $aDalleo$b Raphael$0859384 801 0$bMiAaPQ 801 1$bMiAaPQ 801 2$bMiAaPQ 906 $aBOOK 912 $a9910461714703321 996 $aCaribbean literature and the public sphere$91917938 997 $aUNINA LEADER 04514nam 2200649Ia 450 001 9910784075603321 005 20230828210802.0 010 $a1-280-75951-8 010 $a9786610759514 035 $a(CKB)1000000000333266 035 $a(EBL)3400062 035 $a(SSID)ssj0000672804 035 $a(PQKBManifestationID)11460831 035 $a(PQKBTitleCode)TC0000672804 035 $a(PQKBWorkID)10636400 035 $a(PQKB)10332226 035 $a(OCoLC)560195467 035 $a(MiAaPQ)EBC274361 035 $a(EXLCZ)991000000000333266 100 $a20011228d2006 uy 0 101 0 $aeng 135 $aurcn||||||||| 181 $ctxt 182 $cc 183 $acr 200 00$aChemistry$b[electronic resource] /$foverview by Keith B. Hutton 210 $aAbingdon, Oxon $cHelicon$dc2006 215 $a1 online resource (304 p.) 225 1 $aHutchinson trends in science 300 $aDescription based upon print version of record. 311 $a1-85986-506-2 327 $a"" Hutchinson Trends in Science: Chemistry""; ""Preface""; "" Table of contents""; "" Overview: chemistry in the 20th century""; ""introduction chemistry at the start of the 20th century""; ""the atom physicists lend a hand""; ""the periodic table the last pieces of the puzzle come together""; ""synthesis the rise of organic chemistry""; ""biochemistry the chemistry of life""; ""the petrochemical industry the next revolution""; ""plastics the new materials""; ""the chemistry of death the chemist at war""; ""Silent Spring the price of success"" 327 $a""DNA - the chemical of identity""""the future - 'a brave new world'""; "" Chronology""; "" Biographical sketches""; ""Alder, Kurt (1902-1958)""; ""Baekeland, Leo Hendrik (1863-1944)""; ""Bergius, Friedrich Karl Rudolf (1884-1949)""; ""Bosch, Carl (1874-1940)""; ""Brensted, Johannes Nicolaus (1879-1947)""; ""Burton, William Merriam (1865-1954)""; ""Butenandt, Adolf Friedrich Johann (1903-1995)""; ""Carothers, Wallace Hume (1896-1937)""; ""Corey, Elias James (1928-)""; ""Cornforth, John Warcup (1917-)""; ""Cram, Donald James (1919-2001)"" 327 $a""Crutzen, Paul (1933-)""""Curie, Marie (1867-1934)""; ""born Maria Sklodowska""; ""Dam, Carl Peter Henrik (1895-1976)""; ""Diels, Otto Paul Hermann (1876-1954)""; ""Domagk, Gerhard (1895-1964)""; ""Fischer, Hans (1881-1945)""; ""Franklin, Rosalind Elsie (1920-1958)""; ""Funk, Casimir (1884-1967)""; ""Gilman, Henry (1893-1986)""; ""Grignard, (FranA?ois Auguste) Victor (1871-1935)""; ""Haber, Fritz (1868-1934)""; ""Hevesy, Georg Karl von (1885-1966)""; ""Hodgkin, Dorothy Mary Crowfoot (1910-1994)""; ""penicillin""; ""vitamin B12""; ""insulin""; ""honours"" 327 $a""Houdry, Eugene Jules (1892-1962)""""Kendall, Edward Calvin (1886-1972)""; ""Kroto, Harold W(alter) (1939-)""; ""Kuhn, Richard (1900-1967)""; ""Lehn, Jean-Marie (1939-)""; ""Lipmann, Fritz Albert (1899-1986)""; ""Molina, Mario (1943-)""; ""Meller, Paul Hermann (1899-1965)""; ""Northrop, John Howard (1891-1987)""; ""Pauling, Linus Carl (1901-1994)""; ""work""; ""life""; ""Pedersen, Charles (1904-1990)""; ""Perey, Marguerite (Catherine) (1909-1975)""; ""Perutz, Max Ferdinand (1914-2002)""; ""Plunkett, Roy J (1910-1994)"" 327 $a""Porter, Rodney Robert (1917-1985)""""Prelog, Vladimir (1906-1998)""; ""Rowland, F Sherwood (1927-)""; ""Sabatier, Paul (1854-1941)""; ""Sanger, Frederick (1918-)""; ""Seaborg, Glenn Theodore (1912-1999)""; ""Soddy, Frederick (1877-1956)""; ""Staudinger, Hermann (1881-1965)""; ""Sumner, James (Batcheller) (1887-1955)""; ""Svedberg, Theodor (1884-1971)""; ""Synge, Richard Laurence Millington (1914-1994)""; ""life""; ""paper chromatography""; ""Szent-Gyrgyi, Albert von Nagyrapolt (1893-1986)""; ""Tiselius, Arne Wilhelm Kaurin (1902-1971)"" 327 $a""Urey, Harold Clayton (1893-1981)"" 410 0$aHutchinson trends in science. 606 $aChemistry$vDictionaries 606 $aChemistry$xComputer network resources 606 $aChemistry$xHistory$y20th century 606 $aChemistry 606 $aChemists$vBiography 615 0$aChemistry 615 0$aChemistry$xComputer network resources. 615 0$aChemistry$xHistory 615 0$aChemistry. 615 0$aChemists 676 $a540/.9/04 701 $aHutton$b Keith B$01569385 801 0$bMiAaPQ 801 1$bMiAaPQ 801 2$bMiAaPQ 906 $aBOOK 912 $a9910784075603321 996 $aChemistry$93842284 997 $aUNINA LEADER 03285oam 2200529 450 001 9910418315403321 005 20230621135345.0 010 $a3-8325-9313-6 024 8 $ahttps://doi.org/10.30819/4409 035 $a(CKB)4340000000242230 035 $a(MiAaPQ)EBC5216189 035 $a(oapen)https://directory.doabooks.org/handle/20.500.12854/64468 035 $a(ScCtBLL)bfc39df8-f7d3-4f12-9654-90362e5d2de2 035 $a(EXLCZ)994340000000242230 100 $a20180529h20162016 fy 0 101 0 $ager 135 $aurcnu|||||||| 181 $ctxt$2rdacontent 182 $cc$2rdamedia 183 $acr$2rdacarrier 200 10$aWas beeinflusst den Erfolg beim Problemlosen in der Physik? $eEine Untersuchung mit Studierenden /$fMartina Brandenburger 210 $aBerlin/Germany$cLogos Verlag Berlin$d2016 210 1$aBerlin, Germany :$cLogos Verlag,$d[2016] 210 4$d©2016 215 $a1 online resource (iv, 365 pages) $cdigital file(s) 225 0 $aStudien Zum Physik und Chemielernen ;$vBand 218 300 $aAuthor's doctoral thesis, Pädagogische Hochschule Freiburg -- Title-page recto. 311 08$aPrint version: 3832544097 320 $aIncludes bibliographical references. 330 $aProblemlösen ist eine wesentliche Voraussetzung für das Handeln in allen Bereichen des Lebens: In einfachen Alltagssituationen, bei (natur-) wissenschaftlichen Fragestellungen oder bei komplexeren gesellschaftlich relevanten Problemen spielt die Lösung von Problemen eine Rolle. Im Bereich der Physik werden insbesondere innerhalb des schulischen und universitären Kontextes Probleme bearbeitet. Die täglichen Erfahrungen des Lehrbetriebs an Hochschulen machen jedoch deutlich, dass Teile der Studierenden große Schwierigkeiten haben, Probleme erfolgreich zu lösen. Die Diskrepanz zwischen der Wichtigkeit des Problemlösens und den Schwierigkeiten, die Studierenden dabei haben, ist der Ausgangspunkt für die zentrale Fragestellung der vorliegenden Arbeit: Was unterscheidet "gute" von "schlechten" Problemlösern und welche Faktoren beeinflussen den Erfolg beim Problemlösen? Die Arbeit fokussiert hierbei auf Probleme aus dem Themenfeld der Mechanik. Mit Hilfe einer empirischen Untersuchung wird dazu beigetragen, bereits bekannte Erkenntnisse aus der traditionsreichen Forschung zum Problemlösen zu bestätigen, zu quantifizieren und zueinander in Beziehung zu setzen. Es werden sowohl quantitative als auch qualitative Eigenschaften "guter" und "schlechter" Problemlöser herausgearbeitet - gute Problemlöser können beispielsweise auf mehr Fachwissen zurückgreifen, besitzen ein höheres Selbstkonzept und machen weniger Planungsfehler beim Bearbeiten physikalischer Problemstellungen. 606 $aProblem solving 610 $aProblemlösen 610 $aMechanik 610 $aSelbstkonzept 610 $aMathematik 615 0$aProblem solving. 676 $a658.403 700 $aBrandenburger$b Martina$0846327 712 02$aPädagogische Hochschule Freiburg, 801 0$bMiAaPQ 801 1$bMiAaPQ 801 2$bMiAaPQ 801 2$bUkMaJRU 906 $aBOOK 912 $a9910418315403321 996 $aWas beeinflusst den Erfolg beim Problemlosen in der Physik$91890744 997 $aUNINA